A parts-and-assembly system specification technique using data flow diagram /
Saved in:
| Main Author: | |
|---|---|
| Format: | Thesis Book |
| Language: | English |
| Published: |
1988.
|
| Subjects: | |
| Tags: |
Add Tag
No Tags, Be the first to tag this record!
|
| LEADER | 00811cam a2200241 a 4500 | ||
|---|---|---|---|
| 001 | u94330 | ||
| 003 | SIRSI | ||
| 008 | 910625s1988 si v 00 1 eng m | ||
| 035 | |a AAK-3053 | ||
| 040 | |a UMM | ||
| 090 | |a QA76.76 |b D47Tan | ||
| 100 | 1 | 0 | |a Tan Hee, Beng Kuan. |
| 245 | 1 | 2 | |a A parts-and-assembly system specification technique using data flow diagram / |c by Tan Hee Beng Kuan. |
| 260 | 1 | |c 1988. | |
| 300 | |a 126 leaves ; |c 30 cm. | ||
| 502 | |a Dissertation (M.Sc.) -- National University of Singapore, 1988. | ||
| 504 | |a Includes bibliographical references. | ||
| 650 | 0 | |a Computer software |x Development. | |
| 650 | 0 | |a System design. | |
| 650 | 0 | |a Flow charts. | |
| 948 | |a 13/08/1991 |b 27/08/2002 | ||
| 596 | |a 1 | ||
| 999 | |a QA76.76 D47 TAN |w LC |c 1 |i A010704991 |d 10/10/1998 |l STACKS |m P01UTAMA |n 1 |r Y |s Y |t TESIS |u 22/1/1992 | ||
